000
00274nam a2200097Ia 4500
001
698705
005
20250826162056.0
008
250824s9999 xx 000 0 und d
245
0
_a
ÇOCUKLUĞUM (MAKSIM GORKI) (ANTİK YENİ)
_c
MAKSIM GORKI
260
_b
ANTİK DÜNYA KLASİKLERİ
999
_c
698705
_d
698705